[Event "EU-Cup 33rd"]
[Site "Antalya"]
[Date "2017.10.13"]
[Round "6.4"]
[White "Visintin, Roberto"]
[Black "Bereketoglu, Yagmur"]
[Result "1-0"]
[WhiteElo "2055"]
[BlackElo "1333"]
[PlyCount "45"]
[EventDate "2017.10.08"]
[EventType "team-swiss"]
[EventRounds "7"]
[EventCountry "TUR"]
[SourceTitle "CBM 181"]
[Source "ChessBase"]
[SourceDate "2017.11.10"]
[SourceVersion "1"]
[SourceVersionDate "2017.11.10"]
[SourceQuality "1"]
[WhiteTeam "Bonnevoie Gambit"]
[BlackTeam "Hatay Buyuksehir"]
[WhiteTeamCountry "LUX"]
[BlackTeamCountry "TUR"]

1. e4 d6 2. d4 e6 3. c4 c6 4. Nc3 Be7 5. Bd3 Nd7 6. Nf3 e5 7. 0-0 exd4 8. Nxd4 g6 9. Be3 Bf6 10. Be2 Nb6 11. Qd2 Ne7 12. Rad1 d5 13. cxd5 cxd5 14. exd5 Nexd5 15. Nxd5 Qxd5 16. Bf3 Qd6 17. Bh6 Nd7 18. Rfe1+ Be5 19. Bg7 f6 20. Bxh8 Qf8 21. Ne6 Qxh8 22. Nc7+ Kf7 23. Nxa8 1-0

[Event "EU-Cup 33rd"]
[Site "Antalya"]
[Date "2017.10.11"]
[Round "4.4"]
[White "Bereketoglu, Yagmur"]
[Black "O'Connor, Eddie"]
[Result "0-1"]
[WhiteElo "1333"]
[BlackElo "2023"]
[PlyCount "68"]
[EventDate "2017.10.08"]
[EventType "team-swiss"]
[EventRounds "7"]
[EventCountry "TUR"]
[SourceTitle "CBM 181"]
[Source "ChessBase"]
[SourceDate "2017.11.10"]
[SourceVersion "1"]
[SourceVersionDate "2017.11.10"]
[SourceQuality "1"]
[WhiteTeam "Hatay Buyuksehir"]
[BlackTeam "Gonzaga"]
[WhiteTeamCountry "TUR"]
[BlackTeamCountry "IRL"]

1. e4 e6 2. d4 d5 3. e5 c5 4. c3 Nc6 5. Nf3 Bd7 6. a3 f6 7. g3 fxe5 8. dxe5 Nge7 9. Bf4 Ng6 10. Qd2 Be7 11. Bd3 Qb6 12. Bxg6+ hxg6 13. Qc2 0-0-0 14. 0-0 Be8 15. b4 Kb8 16. Nh4 g5 17. Bxg5 Bxg5 18. Nf3 Be7 19. Nbd2 c4 20. a4 Qc7 21. b5 Nxe5 22. Nxe5 Qxe5 23. Rfe1 Qh5 24. Nf1 Bg6 25. Qb2 Be4 26. Rxe4 dxe4 27. a5 Bc5 28. Re1 Rdf8 29. Re2 Rf3 30. a6 b6 31. Kh1 Rhf8 32. Qc2 Rxf2 33. Rxf2 Rxf2 34. Qxe4 Rxf1+ 0-1